Представление документа в формате RUSMARC

ПолеНазваниеЗначение
  Тип записи a
  Библиографический уровень c
001 Контрольный номер RU/SLIB/B/208781991
005 Дата корректировки 20201206204345.8
010 Индекс ISBN __
d Цена 1-80
101 Язык документа __
a Язык текста rus
200 Заглавие и сведения об ответственности 1_
a Заглавие Заря
e Сведения, относящиеся к заглавию повести
f Первые сведения об ответственности Ю. Г. Лаптев
b Общее обозначение материала Текст
i Наименование части У горы Непокорной
210 Выходные данные __
a Место издания М.
c Издательство Худож. лит.
d Дата издания 1978
215 Физическое описание __
a Объем 432 с., 1 л. портр.
c Иллюстрации/тип воспроизводства ил.
330 Аннотация __
a Аннотация Повести посвящены теме восстановления подорванного войной народного хозяйства, судьбам тружеников колхозного села и новостроек.
461 Уровень набора __
1 2001
a Избранное
606 Тематические рубрики __
a Основная рубрика Художественная литература
z Хронологическая подрубрика 20 в.
y Географическая подрубрика Россия
606 Тематические рубрики __
a Основная рубрика Русская литература XX в. (произведения)
610 Ключевые слова __
a Ключевые слова проза; повести; колхозы; тема деревни; послевоенная экономика; народное хозяйство; тема крестьянства
686 Индексы других классификаций __
a Классификационный индекс 84(2Рос=Рус)6-4
700 Автор _1
a Фамилия Лаптев
b Имя Ю. Г.
4 Код отношения 070
801 Источник записи _0
a Страна RU
b Организация Муниципальное бюджетное учреждение культуры "Централизованная библиотечная система" г. Сургут (Центральная городская библиотека им. А. С. Пушкина)
g Правила каталогизации КиК/Чорнонос Е.В.
801 Источник записи _1
a Страна RU
b Организация Муниципальное бюджетное учреждение культуры "Централизованная библиотечная система" г. Сургут (Центральная городская библиотека им. А. С. Пушкина)
g Правила каталогизации КиК/Чорнонос Е.В.
852 Данные о местонахождении __
j Шифр хранения 84(2Рос=Рус)6-4
i Авторский знак Л 24
p Инвентарный номер 118672(с)
901 Тип документа __
t Тип документа x
969 Тип издания __
a Тип издания сборник
990 Данные о заказе (DOS) __
j Количество экземпляров (DOS) 1
t N записи в КСУ для И/У (DOS) ретро